000 00374nam a22001457a 4500
020 _a9781292178202
040 _cNUST
082 _a620.112
_bHIB
100 _aHibbeler, R. C.
245 _aMechanics of Materials /
_cR. C. Hibbeler
250 _a10th Ed.
260 _aMalaysia :
_bPearson Education,
_c2018
300 _a892p. ;
_bHardbinding,
_c25cm.
942 _2ddc
_cBK
999 _c611261
_d611261